| 000 | 01739nam a2200253 a 4500 | ||
|---|---|---|---|
| 008 | 110111s2003 ||||||||||||||||| || u | ||
| 020 | _a9793361115 | ||
| 050 | _aQH 75 Ass | ||
| 100 | _aLynam, Tim | ||
| 245 | 1 | 0 |
_aAssessment of the value of woodland landscape function to local communities in Gorongosa and Muanza Districts, Sofala Province, Mozambique _cTim Lynam...[and others] |
| 260 |
_aBogor, Indonesia _bCenter for International Forestry Research (CIFOR) _c2003 |
||
| 300 | _aiv, 111p.: ill | ||
| 350 | _a0.00 | ||
| 650 | _aCONSERVATION | ||
| 650 | _aLANDSCAPE PROTECTION | ||
| 650 | 0 | _aBIOLOGICAL DIVERSITY CONSERVATION | |
| 710 | _aThe Center for International Forestry Research (CIFOR) | ||
| 995 |
_aANNEX COLLECTION (Main Library) _D0.00 _e742467 _FCBU-MAIN LIBRARY (Kitwe) _H1 _I0.00 _jQH 75 ASS _M2 _UAVAILABLE _WJan 28, 2011 _y742467 _ZAnnex Low-Usage Collection |
||
| 995 |
_aMAIN LIBRARY OPEN ACCESS _D0.00 _e742469 _FCBU-MAIN LIBRARY (Kitwe) _H1 _I0.00 _jQH 75 ASS _M4 _UAVAILABLE _WJan 28, 2011 _y742469 _ZMain Library Open Access Collection |
||
| 995 |
_aANNEX COLLECTION (Main Library) _D0.00 _e742468 _FCBU-MAIN LIBRARY (Kitwe) _H1 _I0.00 _jQH 75 ASS _M3 _UAVAILABLE _WJan 28, 2011 _y742468 _ZAnnex Low-Usage Collection |
||
| 995 |
_aANNEX COLLECTION (Main Library) _D0.00 _e742466 _FCBU-MAIN LIBRARY (Kitwe) _H1 _I0.00 _jQH 75 ASS _M1 _UAVAILABLE _WJan 28, 2011 _y742466 _ZAnnex Low-Usage Collection |
||
| 995 |
_aANNEX COLLECTION (Main Library) _D0.00 _e742471 _FCBU-MAIN LIBRARY (Kitwe) _H1 _I0.00 _jQH 75 ASS _M6 _UAVAILABLE _WJan 28, 2011 _y742471 _ZAnnex Low-Usage Collection |
||
| 995 |
_aMAIN LIBRARY OPEN ACCESS _D0.00 _e742470 _FCBU-MAIN LIBRARY (Kitwe) _H1 _I0.00 _jQH 75 ASS _M5 _UAVAILABLE _WJan 28, 2011 _y742470 _ZMain Library Open Access Collection |
||
| 999 |
_c84413 _d84413 |
||